Harry Potter - Le prince de sang-mêlé - Statistiques

Statistiques générales
  • Ce quiz a été pris 108 fois
  • Le résultat moyen est 9 sur 22
Statistiques - réponses
Difficulté Questions Réponses % Correct
. A l'arrivée de Ginny Weasley à la soirée de Slughorn, qui se lève de table ? Harry Potter
76%
. Qui retrouve Harry dans le Poudlard Express ? Luna Lovegood
66%
. Quel numéro porte Ginny Weasley au Quidditch ? 6
65%
. De qui le Professeur Dumbledore pense-t-il qu'Harry est amoureux ? Hermione Granger
65%
. Chez qui se rend Harry après avoir bu la potion de chance liquide ? Rubeus Hagrid
63%
. Combien y avait-il de pierres sur le bord de la fenêtre de Tom Jedusor ? 7
57%
. Sur qui Harry lance-t-il le sortilège "sectumsempra" ? Drago Malfoy
54%
. Sur qui Cormac McLaggen recrache-t-il "les boules" du dragon ? Severus Rogue
54%
. Que doit attraper Harry pour transplaner sur quai ? Le bras de Dumbledore
50%
. Quels sont les initiales de celui qui a le vrai Horcruxe ? RAB
49%
. Que verse Harry dans le verre de Ron avant le match de Quidditch ? Rien
47%
. Que demande le Professeur Dumbledore à Harry après avoir bu la potion qui protégeait le Horcruxe ? De l'eau
40%
. Quel âge Ron donne-t-il au Professeur Dumbledore ? 150 ans
34%
. Quels animaux Hermione fait-elle apparaître dans les escaliers ? Des oiseaux
34%
. Avec le journal de Tom Jedusor, de quel Horcruxe est en possession Dumbledore ? La bague de Gaunt
34%
. Où Harry et Ginny chachent-ils le livre du Prince de sang-mêlé ? Dans la salle sur demande
32%
. Quelle expression Horace Slughorn utilise-t-il à tout vas ? Par la barbe de Merlin
26%
. Qu'est-ce qui coule du plafond dans la maison où se cache Horace Slughorn ? Du sang de dragon
22%
. Qu'utilise Harry pour sauver Ron après qu'il ait bu chez Slughorn ? Un bézoard
18%
. Quelles sont les dernières paroles d'Albus Dumbledore ? (Au Professeur Rogue) Severus aidez moi
16%
. Que dit Severus Rogue à Harry, quand il tente d'utiliser le sort "sectumsempra" sur lui ? "____ ____ ________ ___ _______ _____ ______ ___ ?" Vous osez utiliser mes propres sorts contre moi ?
12%
. Que dérobe Slughorn dans les plantations du Professeur Chourave ? Des feuilles de tentacula
6%
Aucun quiz correspondant
Distribution des résultats
% des personnes avec chaque résultat
Percentile par nombre de réponses
Votre historique - résultats
Vous n’avez pas pris ce quiz